De oceános y arrecifes /

Gorde:
Xehetasun bibliografikoak
Egile nagusia: García, Rafael Ángel
Formatua: Ezezaguna
Hizkuntza:Spanish
Argitaratua: San José, Costa Rica : Andrómeda, 2000
Gaiak:
Etiketak: Etiketa erantsi
Etiketarik gabe, Izan zaitez lehena erregistro honi etiketa jartzen!

MARC

LEADER 000000000a22000000004500
001 014985
020 |a 9968993743 
041 0 |a spa 
082 0 4 |a 700   |b G216d 
100 1 |a García, Rafael Ángel 
245 1 0 |a De oceános y arrecifes /   |c García, Rafael Ángel 
260 1 |a San José, Costa Rica :   |b Andrómeda,   |c 2000 
300 |a 40 páginas :   |b ilustraciones ;   |c 21 x 14 cm. 
650 4 |a ARTE COSTARRICENSE 
650 4 |a PINTURA COSTARRICENSE 
999 |c 20847  |d 20847 
942 |c BK  |h 700 G216d  |2 z